Search for the Rare Decays B0s→e+e− and B0→e+e−; Physical Review Letters; Vol. 124, iss. 21
| Parent link: | Physical Review Letters Vol. 124, iss. 21.— 2020.— [211802, 11 p.] |
|---|---|
| Autor corporatiu: | , |
| Altres autors: | , , , , , , |
| Sumari: | Title screen A search for the decays B0s→e+e− and B0→e+e− is performed using data collected with the LHCb experiment in proton-proton collisions at center-of-mass energies of 7, 8, and 13 TeV, corresponding to integrated luminosities of 1, 2, and 2 fb−1, respectively. No signal is observed. Assuming no contribution from B0→e+e− decays, an upper limit on the branching fraction B(B0s→e+e−)<9.4(11.2)×10−9 is obtained at 90(95)% confidence level. If no B0s→e+e− contribution is assumed, a limit of B(B0→e+e−)<2.5(3.0)×10−9 is determined at 90(95)% confidence level. These upper limits are more than one order of magnitude lower than the previous values. |
| Idioma: | anglès |
| Publicat: |
2020
|
| Matèries: | |
| Accés en línia: | http://earchive.tpu.ru/handle/11683/64814 https://doi.org/10.1103/PhysRevLett.124.211802 |
| Format: | Electrònic Capítol de llibre |
| KOHA link: | https://koha.lib.tpu.ru/cgi-bin/koha/opac-detail.pl?biblionumber=662346 |
MARC
| LEADER | 00000naa0a2200000 4500 | ||
|---|---|---|---|
| 001 | 662346 | ||
| 005 | 20250120161016.0 | ||
| 035 | |a (RuTPU)RU\TPU\network\33483 | ||
| 035 | |a RU\TPU\network\33482 | ||
| 090 | |a 662346 | ||
| 100 | |a 20200717d2020 k||y0engy50 ba | ||
| 101 | 0 | |a eng | |
| 102 | |a US | ||
| 135 | |a drcn ---uucaa | ||
| 181 | 0 | |a i | |
| 182 | 0 | |a b | |
| 200 | 1 | |a Search for the Rare Decays B0s→e+e− and B0→e+e− |f R. Aaij, B. Adeva, M. Adinolfi [et al.] | |
| 203 | |a Text |c electronic | ||
| 300 | |a Title screen | ||
| 320 | |a [References: 44 tit.] | ||
| 330 | |a A search for the decays B0s→e+e− and B0→e+e− is performed using data collected with the LHCb experiment in proton-proton collisions at center-of-mass energies of 7, 8, and 13 TeV, corresponding to integrated luminosities of 1, 2, and 2 fb−1, respectively. No signal is observed. Assuming no contribution from B0→e+e− decays, an upper limit on the branching fraction B(B0s→e+e−)<9.4(11.2)×10−9 is obtained at 90(95)% confidence level. If no B0s→e+e− contribution is assumed, a limit of B(B0→e+e−)<2.5(3.0)×10−9 is determined at 90(95)% confidence level. These upper limits are more than one order of magnitude lower than the previous values. | ||
| 461 | |t Physical Review Letters | ||
| 463 | |t Vol. 124, iss. 21 |v [211802, 11 p.] |d 2020 | ||
| 610 | 1 | |a электронный ресурс | |
| 610 | 1 | |a труды учёных ТПУ | |
| 701 | 1 | |a Aaij |b R. |g Roel | |
| 701 | 1 | |a Adeva |b B. |g Bernardo | |
| 701 | 1 | |a Adinolfi |b M. |g Marco | |
| 701 | 1 | |a Aidala |b C. |g Christine | |
| 701 | 1 | |a Kharisova |b A. E. |c nuclear technology specialist |c engineer of Tomsk Polytechnic University |f 1994- |g Anastasiya Evgenjevna |3 (RuTPU)RU\TPU\pers\46775 | |
| 701 | 1 | |a Panshin |b G. L. |c specialist in the field of informatics and computer technology |c Senior Lecturer at Tomsk Polytechnic University |f 1987- |g Gennady Leonidovich |3 (RuTPU)RU\TPU\pers\40978 |9 21367 | |
| 701 | 1 | |a Strokov |b S. A. |c physicist |c engineer of Tomsk Polytechnic University |f 1977- |g Sergey Aleksandrovich |3 (RuTPU)RU\TPU\pers\37442 |9 20329 | |
| 712 | 0 | 2 | |a Национальный исследовательский Томский политехнический университет |b Инженерная школа информационных технологий и робототехники |b Отделение автоматизации и робототехники (ОАР) |3 (RuTPU)RU\TPU\col\23553 |
| 712 | 0 | 2 | |a Национальный исследовательский Томский политехнический университет |b Исследовательская школа физики высокоэнергетических процессов |c (2017- ) |3 (RuTPU)RU\TPU\col\23551 |
| 801 | 2 | |a RU |b 63413507 |c 20211117 |g RCR | |
| 856 | 4 | |u http://earchive.tpu.ru/handle/11683/64814 | |
| 856 | 4 | |u https://doi.org/10.1103/PhysRevLett.124.211802 | |
| 942 | |c CF | ||